Statistics for Word Scramble Geography by Letter - Q

Click here to take the quiz!

General Stats

  • This quiz has been taken 240 times
  • The average score is 4 of 5

Answer Stats

Answer% Correct
Qatar
100%
Qom
100%
Quebec
100%
Quito
95%
Queens
91%
Quincy
81%
Quetta
74%
Queensland
65%
Qinghai
58%
Qingdao
54%

Score Distribution

Percentile by Number Answered

Percent of People with Each Score

Your Score History

You have not taken this quiz